Datum a čas kvízu
19
Celkem bodů
Celkový počet nahraných bodů na tomto kvízu bez doplňovacích otázek.
7.
Pořadí na kvízu
Konečné umístění týmu na tomto kvízu.
Zaznamenané odpovědi
| # | Otázka | Odpověď | Body | Výsledky |
|---|---|---|---|---|
| 1. | Úřad jednoho města v okrese Pr... | 1 | ||
| 2. | Německá kancléřka Angela Merke... | 1 | ||
| 3. | Americká filmová akademie minu... | 0 | ||
| 4. | Andrej Babiš se na zasedání Sv... | 1 | ||
| 5. | První vítězství ve světovém po... | 0 | ||
| 21. | Nejdelší had na světě chovaný... | 0 | ||
| 22. | Tento živočich z řádu krokodýl... | 0 | ||
| 23. | Několik druhů chameleonů (např... | 1 | ||
| 24. | Jak se nazývá tento živočich?... | 0 | ||
| 25. | Kteří dva herci ztvárnili dvě... | 1 |